<?xml version="1.0" encoding="UTF-8"?>
<record
    xmlns:xsi="http://www.w3.org/2001/XMLSchema-instance"
    xsi:schemaLocation="http://www.loc.gov/MARC21/slim http://www.loc.gov/standards/marcxml/schema/MARC21slim.xsd"
    xmlns="http://www.loc.gov/MARC21/slim">

  <leader>00588nam a2200181Ia 4500</leader>
  <controlfield tag="008">090630s9999    xx            000 0 und d</controlfield>
  <datafield tag="082" ind1=" " ind2=" ">
    <subfield code="b">27812</subfield>
  </datafield>
  <datafield tag="100" ind1=" " ind2=" ">
    <subfield code="a">&#x92A;&#x948; &#x936;&#x93F;&#x930;&#x940;&#x937;.</subfield>
  </datafield>
  <datafield tag="245" ind1=" " ind2=" ">
    <subfield code="a">&#x92E;&#x93E;&#x91D;&#x947; &#x91C;&#x940;&#x935;&#x928; &#x917;&#x93E;&#x923;&#x947;.</subfield>
    <subfield code="c">&#x92A;&#x948; &#x936;&#x93F;&#x930;&#x940;&#x937;.</subfield>
  </datafield>
  <datafield tag="260" ind1=" " ind2=" ">
    <subfield code="b">&#x92A;&#x93E;&#x930;&#x938; - &#x915;&#x94B;&#x932;&#x94D;&#x939;&#x93E;&#x92A;&#x942;&#x930;.</subfield>
    <subfield code="c">2007</subfield>
  </datafield>
  <datafield tag="300" ind1=" " ind2=" ">
    <subfield code="a">271</subfield>
  </datafield>
  <datafield tag="600" ind1=" " ind2=" ">
    <subfield code="a">&#x92A;&#x948; &#x936;&#x93F;&#x930;&#x940;&#x937;.</subfield>
  </datafield>
  <datafield tag="630" ind1=" " ind2=" ">
    <subfield code="a">&#x92E;&#x93E;&#x91D;&#x947; &#x91C;&#x940;&#x935;&#x928; &#x917;&#x93E;&#x923;&#x947;.</subfield>
  </datafield>
  <datafield tag="655" ind1=" " ind2=" ">
    <subfield code="a">&#x91A;&#x930;&#x93F;&#x924;&#x94D;&#x930;.</subfield>
  </datafield>
  <datafield tag="700" ind1=" " ind2=" ">
    <subfield code="a">&#x92A;&#x948; &#x936;&#x93F;&#x930;&#x940;&#x937;.</subfield>
  </datafield>
  <datafield tag="730" ind1=" " ind2=" ">
    <subfield code="a">&#x92E;&#x93E;&#x91D;&#x947; &#x91C;&#x940;&#x935;&#x928; &#x917;&#x93E;&#x923;&#x947;.</subfield>
  </datafield>
  <datafield tag="942" ind1=" " ind2=" ">
    <subfield code="c">BOOK</subfield>
  </datafield>
  <datafield tag="999" ind1=" " ind2=" ">
    <subfield code="c">279668</subfield>
    <subfield code="d">279668</subfield>
  </datafield>
  <datafield tag="952" ind1=" " ind2=" ">
    <subfield code="0">0</subfield>
    <subfield code="1">0</subfield>
    <subfield code="4">0</subfield>
    <subfield code="7">0</subfield>
    <subfield code="a">SAWASHRI</subfield>
    <subfield code="b">SAWASHRI</subfield>
    <subfield code="d">0000-00-00</subfield>
    <subfield code="g">270.00</subfield>
    <subfield code="l">0</subfield>
    <subfield code="o">27812</subfield>
    <subfield code="p">SAWASHRI-27812</subfield>
    <subfield code="r">2009-06-30 00:00:00</subfield>
    <subfield code="v">270.00</subfield>
    <subfield code="w">2009-06-30</subfield>
    <subfield code="y">BOOK</subfield>
  </datafield>
</record>
